| 000 | 00567nam a2200217Ia 4500 | ||
|---|---|---|---|
| 999 |
_c45340 _d45340 |
||
| 001 | 12164 | ||
| 003 | GE_BSU | ||
| 005 | 20221121115033.0 | ||
| 008 | 181216s2012||||enk|||||||||||||| ||eng|| | ||
| 020 | _a9781118071823x | ||
| 040 | _cGE_BSU | ||
| 041 | _aeng | ||
| 080 | _a658 M-70 | ||
| 100 |
_aMill, Robert Christie. _915956 |
||
| 245 |
_aResort Mangament and operation. _cRobert Christie Mill. |
||
| 264 |
_aHoboken. _bWiley. _c2012. |
||
| 300 |
_a480 p.; _b25 cm. |
||
| 300 | _bill. | ||
| 653 | _aკურორტის მართვა | ||
| 942 |
_cBK _2udc |
||